Slavic language conjugation - to know - Statistics

General Stats
  • This quiz has been taken 48 times
  • The average score is 29 of 60
Answer Stats
Answer % Correct
sb зна / zna
95%
pl zna
92%
cz zná
92%
slv zna
92%
sb знам / znam
84%
mc знам / znam
84%
pl znam
82%
cz znám
82%
slv znam
82%
cz znáš
76%
sb знаш / znaš
76%
slv znaš
76%
sk pozná
63%
sk poznám
63%
mc знаат / znaat
61%
ru знаю / znaju
58%
br знаю / znaju
58%
uk знаю / znaju
58%
pl znasz
58%
sk poznáš
55%
bu зная / znaja
55%
sb знају / znaju
53%
cz znáte
53%
sb знате / znate
53%
slv znate
53%
pl znają
50%
br знае / znaje
50%
mc знае / znae
47%
bu знае / znae
47%
sb знамо / znamo
47%
slv znamo
47%
pl znacie
45%
uk знає / znaje
45%
ru знаем / znajem
45%
br знаем / znajem
45%
pl znamy
45%
sk poznáte
42%
ru знаешь / znaješ
39%
br знаеш / znaješ
39%
ru знает / znajet
39%
sk poznáme
37%
uk знаєш / znaješ
37%
ru знаете / znajete
37%
uk знаєте / znajete
37%
cz známe
37%
sk poznajú
26%
bu знаем / znaem
26%
mc знаеш / znaeš
26%
bu знаеш / znaeš
26%
cz znají
26%
slv znajo
26%
ru знают / znajut
26%
uk знають / znajut'
26%
mc знаете / znaete
24%
bu знаете / znaete
24%
uk знаємо / znajemo
21%
mc знаеме / znaeme
13%
bu знаят / znajat
11%
br знаеце / znajetse
8%
br знаюць / znajuts'
8%
No matching quizzes found
Score Distribution
Percent of People with Each Score
Percentile by Number Answered
Your Score History
You have not taken this quiz